| 000 | 00752nam a2200313 a 4500 | ||
|---|---|---|---|
| 003 | AR-BaBNM | ||
| 005 | 20251128203425.0 | ||
| 008 | 082120s2002 ||||||||||||||000 | spa|| | ||
| 040 | _cAR-BaBNM | ||
| 100 | 1 | _aCarter, April | |
| 245 | 0 | 0 | _aAutoridad y democracia |
| 260 |
_aBuenos Aires _bEudeba _c1980 |
||
| 300 | _axii, 133 p. | ||
| 490 | 0 | _aTemas | |
| 504 | _aBibliografía: p. 131-133 | ||
| 600 | 1 | 4 |
_aWeber, Max _d1864-1920 |
| 650 | 4 | _aPOLITICA | |
| 650 | 4 | _aPODER POLITICO | |
| 650 | 4 | _aDEMOCRACIA | |
| 650 | 4 | _aAUTORIDAD | |
| 650 | 4 | _aLIDERAZGO | |
| 650 | 4 | _aGOBIERNO | |
| 650 | 4 | _aBUROCRACIA | |
| 650 | 4 | _aSOBERANIA | |
| 650 | 4 | _aBUROCRACIA | |
| 700 | 1 |
_aColombres, Guillermo _etraductor |
|
| 942 | _cBK | ||
| 998 | _cSILVI | ||
| 999 |
_c3322 _d3322 |
||